DANDY'S WORLD - Statistiques

Statistiques générales
  • Ce quiz a été pris 83 fois
    68 depuis la dernière actualisation
  • Le résultat moyen est 27 sur 29
Statistiques - réponses
Par images Réponse % Correct
POPPY
100%
BOXTEN
98%
COSMO
98%
FLUTTER
98%
GOOB
98%
TISHA
98%
YATTA
98%
ASTRO
94%
DANDY
94%
GINGER
94%
PEBBLE
94%
RUDY
94%
SCRAPS
94%
SPROUT
94%
BOBETTE
92%
COAL
92%
CONNIE
92%
FINN
92%
GIGI
92%
GLISTEN
92%
RODGER
92%
SHELLY
92%
SHRIMPO
92%
VEE
92%
LOOEY
90%
TOODLES
90%
BRIGHTNEY
88%
TEAGAN
88%
RAZZLE ET DAZZLE
86%
Aucun quiz correspondant
Distribution des résultats
% des personnes avec chaque résultat
Percentile par nombre de réponses
Votre historique - résultats
Vous n’avez pas pris ce quiz depuis la dernière actualisation